01006nam a2200229 a 450000100100000000500170001000800410002702000180006804000250008608200150011110000320012624500610015826000370021930000430025650000470029950400270034659000260037395201280039995201130052795201190064099900170075900004711120201002053351.0180416s2015 dr abc 000 0 spa d a9789945123913 aDO-SdBNPbspacBNPHU axxxxbxxxx1 aAlbert Batista, Celsa9118010aCiencias sociales 4 :bprimaria /cCelsa Albert Batista. aSanto Domingo :bSusaeta,c2015. a176 p. :bil., mapas, retrs. ;c29 cm. aEnfoque por competencias nuevo currículo aBibliografía : p 176 aInventariado, 2018/LP 001054708DSaGRbGRcHDd2018-04-16iLF1l0oxxxx xxxxp47111-30r2020-06-25te. 3w2020-06-25yLFDSZPréstamo en sala 0010718PDaPDbPDcHDd2018-04-16iLF1l0oxxxx xxxxp47111-10r2020-06-25w2020-06-25yLFPDZNo se presta 0010718PDaPDbPDcHDd2018-04-16iLF1l0oxxxx xxxxp47111-20r2020-06-25te. 2w2020-06-25yLFPDZNo se presta c46599d46599